Invertebrate Fossils (Record no. 16535)
[ view plain ]
| 000 -LEADER | |
|---|---|
| fixed length control field | 00470nam a22001937a 4500 |
| 003 - CONTROL NUMBER IDENTIFIER | |
| control field | ASAB |
| 005 - DATE AND TIME OF LATEST TRANSACTION | |
| control field | 20190228050740.0 |
| 008 - FIXED-LENGTH DATA ELEMENTS--GENERAL INFORMATION | |
| fixed length control field | 120507t xxu||||| |||| 00| 0 eng d |
| 020 ## - INTERNATIONAL STANDARD BOOK NUMBER | |
| International Standard Book Number | 8123911394 |
| 038 ## - RECORD CONTENT LICENSOR | |
| Staff Name | ASAB |
| 040 ## - CATALOGING SOURCE | |
| Transcribing agency | ASAB |
| 082 ## - DEWEY DECIMAL CLASSIFICATION NUMBER | |
| Classification number | 562.1 |
| 100 ## - MAIN ENTRY--PERSONAL NAME | |
| Personal name | Raymond C.Moore |
| 9 (RLIN) | 13744 |
| 245 ## - TITLE STATEMENT | |
| Title | Invertebrate Fossils |
| 260 ## - PUBLICATION, DISTRIBUTION, ETC. | |
| Place of publication, distribution, etc. | New Delhi |
| Name of publisher, distributor, etc. | CBS publishers (New Delhi) |
| Date of publication, distribution, etc. | 1997 |
| 300 ## - PHYSICAL DESCRIPTION | |
| Extent | 766 P |
| 650 ## - SUBJECT ADDED ENTRY--TOPICAL TERM | |
| Topical term or geographic name entry element | Invertebrate Fossils |
| 9 (RLIN) | 2437 |
| 942 ## - ADDED ENTRY ELEMENTS (KOHA) | |
| Source of classification or shelving scheme | |
| Koha item type | Book |
| Withdrawn status | Lost status | Source of classification or shelving scheme | Damaged status | Not for loan | Permanent Location | Current Location | Date acquired | Full call number | Barcode | Date last seen | Price effective from | Koha item type | Total Checkouts |
|---|---|---|---|---|---|---|---|---|---|---|---|---|---|
| Atta-ur-Rahman School of Applied Biosciences (ASAB) | Atta-ur-Rahman School of Applied Biosciences (ASAB) | 05/07/2012 | 562.1 MOO | ASAB02 | 07/10/2019 | 05/07/2012 | Book | ||||||
| Central Library (CL) | Central Library (CL) | 05/07/2012 | 562 MOO | ASAB01 | 12/30/2020 | 05/07/2012 | Book |
